| 000 | 00866cam a22002774a 4500 | ||
|---|---|---|---|
| 001 | 32602 | ||
| 003 | BD-RjUL | ||
| 005 | 20211209051849.0 | ||
| 008 | 140427s1987 nju 000 0 urd | ||
| 020 | _a0944880002 | ||
| 035 | _a(BD-RjUL)32691 | ||
| 040 |
_aDLC _cDLC _dDLC _dBD-RjUL _beng |
||
| 041 | 1 |
_aurd _aeng _aara _hara |
|
| 082 |
_a297 _bALM 1987 |
||
| 100 | 0 |
_aʻAlī ibn Abī Ṭālib, _dapproximately 600-661. _999198 |
|
| 245 | 1 | 0 |
_aMuntak̲h̲ab duʻāʼin̲ : _bSelected supplications / |
| 246 | 3 | 1 | _aSelected supplications : |
| 260 |
_aToms River, N.J. : _bImam Sahe-Bu-Zaman Association, _c1987. |
||
| 300 |
_a120 p. ; _c21 cm. |
||
| 650 | 0 |
_aIslam _vPrayers and devotions. _999199 |
|
| 650 | 0 |
_aShīʻah _vPrayers and devotions. _999200 |
|
| 942 |
_2ddc _cBK |
||
| 999 |
_c32602 _d32602 |
||